Language Quiz

Random Language Quiz
Score 0/27 Timer 02:00
0 Plays Today
Bought % Correct
Caught
92.4%
Brought
79.4%
Fought
77.6%
Sought
77.6%
Taught
74%
Ought
65.5%
Thought
63.5%
Naught
59.2%
Wrought
54%
Aught
51.7%
Fraught
50.2%
Nought
40.4%
Taut
40.1%
Haught
38.9%
Bought % Correct
Port
22%
Sport
20.6%
Fort
17.6%
Sort
17.4%
Court
17.1%
Tort
15.8%
Short
15.3%
Snort
14.7%
Quart
14.3%
Wart
13.5%
Torte
8.4%
Lort
5.9%
Thwart
2.5%
Remove Ads.
Support Sporcle.
Get the best of Sporcle when you Go Orange. This ad-free experience offers more features, more stats, and more fun while also helping to support Sporcle. Thank you for becoming a member.

You're not logged in!

Compare scores with friends on all Sporcle quizzes.
OR
Log In

Show Comments

Extras

Created Dec 24, 2014ReportNominate
Tags:bought, Rhyme, Roblox

Top Quizzes Today


Score Distribution

Your Account Isn't Verified!

In order to create a playlist on Sporcle, you need to verify the email address you used during registration. Go to your Sporcle Settings to finish the process.

Report this User

Report this user for behavior that violates our Community Guidelines.

Details: